000 01006nam a22002417a 4500
005 20250415104833.0
008 250415b |||||||| |||| 00| 0 eng d
020 _a978-81-302-0511-3 (hbk)
037 _cTB
040 _aAL
_cAL
041 _2pun
_apun
084 _aQ8441:33 153Q9
_qAL
245 _aਗੁਰੂ ਨਾਨਕ ਚਿੰਤਨ
_b: ਅਜੋਕੇ ਸਰੋਕਾਰ ਅਤੇ ਸਾਂਭਵਨਾਂਵਾਂ
260 _aਪਟਿਆਲਾ, ਭਾਰਤ:
_bਪਉਬਲੀਕੇਸਣ ਬੀਊਰੋ,
_c2019.
300 _a307 ਪ.
365 _b 330.00
_cINR
650 _aਧਰਮ
650 _aਗੁਰੂ ਨਾਨਕ
650 _aਸਿੱਖ ਧਰਮ
_9156314
700 _aਸਿੱਧੂ, ਗੁਰਮੀਤ ਸਿੰਘ (ਸਮਪਾਦਕ)
_9752273
942 _2CC
_cTB
_hQ8441:33 153Q9
_n0
999 _c1308981
_d1308981